| 000 | 01008cam a22003013a 4500 | ||
|---|---|---|---|
| 001 | 10056 | ||
| 003 | PGUSA | ||
| 005 | 20140828083219.0 | ||
| 008 | 031101s2003||||xxu|||||s|||||000 | eng d | ||
| 040 |
_aPGUSA _beng |
||
| 042 | _adc | ||
| 050 | 4 | _aPJ | |
| 100 | 1 | _aFaxian | |
| 245 | 1 | 0 |
_aChinese Literature : _bComprising the Analects of Confucius, the Sayings of Mencius, the Shi-King, the Travels of Fâ-Hien, and the Sorrows of Han _h[electronic resource] / _cFaxian |
| 260 |
_bProject Gutenberg, _c2003 |
||
| 506 | _aPublic domain in the USA. | ||
| 516 | _aElectronic text | ||
| 653 | _aChinese literature | ||
| 653 | _aChinese literature -- Translations into English | ||
| 653 | _aChina -- Literary collections | ||
| 700 | 1 | _aJennings, William | |
| 700 | 1 |
_aDavis, John Francis, _cSir, _d1795-1890 |
|
| 700 | 1 |
_aWilson, Epiphanius, _d1845-1916 |
|
| 700 | 1 |
_aLegge, James, _d1815-1897 |
|
| 830 | 0 |
_aProject Gutenberg _v10056 |
|
| 856 | 4 | 0 | _uhttp://www.gutenberg.org/ebooks/10056 |
| 942 | _cEB | ||
| 999 |
_c239311 _d239311 |
||